Normal view
MARC view
Entry Personal Name
001 - CONTROL NUMBER
- control field: 46585
003 - CONTROL NUMBER IDENTIFIER
- control field: dpl
005 - DATE AND TIME OF LATEST TRANSACTION
- control field: 20120508104055.0
008 - FIXED-LENGTH DATA ELEMENTS
- fixed length control field: 120508|||a|||||| | ||| d
040 ## - CATALOGING SOURCE
- Original cataloging agency: dpl
- Transcribing agency: dpl
100 ## - HEADING--PERSONAL NAME
- Personal name: Agarwal, Tanya Luther
670 ## - SOURCE DATA FOUND
- Source citation: Work cat.: (dpl)22307: Agarwal, Tanya Luther, Future power : , 2008
670 ## - SOURCE DATA FOUND
- Source citation: Work cat.: (dpl)22307: Agarwal, Tanya Luther, Future power : , 2008
